Hasse-Studien 1
Uloženo v:
| Hlavní autoři: | , , |
|---|---|
| Médium: | Kniha |
| Jazyk: | němčina |
| Vydáno: |
Stuttgart
Carus-Verlag
1990
|
| Témata: | |
| Tagy: |
Přidat tag
Žádné tagy, Buďte první, kdo vytvoří štítek k tomuto záznamu!
|
MARC
| LEADER | 00000nam a2200000 a 4500 | ||
|---|---|---|---|
| 001 | UCH0169 | ||
| 003 | CL-VaPUC | ||
| 008 | 090108e19900000GW |||||||||||||||||ger|d | ||
| 082 | 0 | 4 | |a 780.943 |b HOS |2 21 |
| 100 | |a Hochstein, Wolfgang |e author |9 593609 | ||
| 700 | 0 | |a Wiesend, Reinhard |e author |9 534300 | |
| 700 | 0 | |a Wutta, Renate |e author |9 534301 | |
| 245 | 1 | 0 | |a Hasse-Studien 1 |
| 300 | |a 48 p | ||
| 942 | |c BK | ||
| 945 | |d 20090108 00:00:00 |a jtorresc | ||
| 260 | |a Stuttgart |b Carus-Verlag |c 1990 | ||
| 650 | 0 | |a Compositores alemanes |9 324765 | |
| 650 | 0 | |a Músicos alemanes |9 306627 | |
| 650 | 0 | |a Instrumentos musicales |9 306600 | |
| 650 | 7 | |a FUENTES MUSICALES |2 CL-VaPUC |9 534302 | |
| 650 | 0 | |a Partituras |9 324008 | |
| 583 | |a last modification |c 20130104 09:31:22 |k Rodrigo Vera | ||
| 999 | |c 332530 |d 332528 | ||
| 952 | |0 0 |1 0 |4 0 |6 780_943000000000000_HOS_1990 |7 0 |8 A |9 420317 |a BIBEDU |b BIBEDU |d 2019-11-22 |i 4510194 |o 780.943 HOS 1990 |p 4510194 |r 2023-01-12 |w 2019-11-22 |y BK |k MUS | ||